| 000 | 01111nam a22003617a 4500 | ||
|---|---|---|---|
| 001 | BR0001683 | ||
| 003 | BR-BrBNA | ||
| 005 | 20230928100551.0 | ||
| 007 | ta | ||
| 008 | 230509b bl.||||| |||| 00| 0 por d | ||
| 040 |
_aBR-BrBNA _bpor _cBiblioteca Nacional de Agricultura |
||
| 041 | _a(Por) | ||
| 072 |
_aE70 _b5250 _b5240 |
||
| 090 | _ 5250 BR0001683 | ||
| 100 | 1 | _aGuimaraes Filho, C. | |
| 100 | 1 | _aMaia, E.M.M. | |
| 100 | 1 | _aMenezes, E.A. | |
| 110 | 1 | _aEMBRAPA Semi-Arido, Petrolina, PE (Brasil) | |
| 110 | 1 | _aEMBRAPA Caprinos, Sobral, CE (Brasil) | |
| 111 | 1 |
_aEncontro do Agronegocio da Caprino-Ovinocultura: 1. Polo Juazeiro-Petrolina _cPetrolina, PE (Brazil) _d23-25 Aug 1999 |
|
| 245 | 1 | _aEncontro do agronegocio da caprino-ovinocultura: 1. polo Juazeiro-Petrolina; anais | |
| 260 | 3 |
_aPetrolina, PE (Brasil): _c1999. |
|
| 300 | _a239 p. | ||
| 500 | _atables; illus. | ||
| 650 | _aCaprinocultura | ||
| 650 | _aOvinocultura | ||
| 650 | _aAgribusiness | ||
| 650 | _aProducao | ||
| 650 | _aComercio | ||
| 650 | _aMercado | ||
| 909 |
_a202309 _bLucia _c55 _dLucia Elande |
||
| 942 | _cBK | ||
| 999 |
_c61842 _d61842 |
||